| 000 | 01268nam0a2200313 4500 | ||
|---|---|---|---|
| 001 | RU\NLR\bibl\1775590 | ||
| 005 | 20250616133103.0 | ||
| 010 |
_a978-5-91756-024-3 _9100 |
||
| 021 |
_aRU _b2011-36048 _92572 |
||
| 035 | _a(NLR Aleph) 001766356 | ||
| 090 |
_a1610079 _c1610079 |
||
| 100 | _a20110602d2011 |||y0rusy50 ca | ||
| 101 | 0 | _arus | |
| 102 | _aRU | ||
| 105 | _ay ||||||||| | ||
| 200 | 1 |
_aСинергия города _eмонография _fВ.Г. Туркина _gУпр. культуры Белгородской обл., Белгородский гос. ин-т культуры и искусств |
|
| 210 |
_aБелгород _cБелгородский государственный институт культуры и искусств _d2011 |
||
| 215 |
_a111 с. _d21 |
||
| 320 | _aБиблиогр.: с. 104-111 (183 назв.) | ||
| 606 | 1 |
_aУрбанизация _xСоциально-философские вопросы _92227189 _3RU\NLR\auth\661336973 |
|
| 686 | _aС550.661 | ||
| 686 | _aЮ6 | ||
| 700 | 1 |
_aТуркина _bВ. Г. _gВиктория Григорьевна _4070 |
|
| 801 | 0 |
_aRU _bNLR _c20110602 _gRCR |
|
| 801 | 1 |
_aRU _bNLR _c20110602 |
|
| 942 | _cBOOK | ||
| 980 | _aNB | ||
| 980 | _aNBR | ||